Relationship between foliar nutrient concentrations of dryobalanops aromatica (kapur) under enrichment planting and some soil properties at Ibam Forest Reserve, Rompin, Pahang

Bibliographic Details
Main Author: Khirun Nizam bin Abd. Rahim
Format: Book
Published: Serdang, Selangor : Universiti Putra Malaysia , 2004
Subjects:

MARC

LEADER 00000cam a2200000 7i4500
001 0000003896
005 20110819.0
090 0 0 |a R THE 634.97   |b KHIR 2004 
100 0 0 |a Khirun Nizam bin Abd. Rahim 
245 0 0 |a Relationship between foliar nutrient concentrations of dryobalanops aromatica (kapur) under enrichment planting and some soil properties at Ibam Forest Reserve, Rompin, Pahang   |c Khirun Nizam bin Abd. Rahim 
260 0 0 |a Serdang, Selangor :   |b Universiti Putra Malaysia ,   |c 2004 
300 |a xv, 90 p. :   |b .ill (col.) ;   |c 30 cm. 
500 0 0 |a Bibliography : p. 78-86 
500 0 0 |a Thesis: Bac. of Forestry Science, Universiti Putra Malaysia (2004) 
650 0 0 |a Dryobalanops aromatica (kapur) 
650 0 0 |a Ibam Forest Reserve---Pahang---Malaysia 
998 |a JPSM 
999 |a 005936   |b Thesis   |c Reference   |e Default branch